000 00258nam a2200097Ia 4500
001 713145
005 20250826162840.0
008 250824s9999 xx 000 0 und d
245 0 _aGEÇMİŞ AYRINTIDA SAKLIDIR
_cCEMİL KOÇAK
260 _bGENÇ TİMAŞ YAYINLARI
999 _c713145
_d713145